We are all guilty here / Karin Slaughter.
Available copies
- 2 of 3 copies available at LARL/NWRL Consortium. (Show)
- 1 of 1 copy available at Northwest Regional Library.
Current holds
0 current holds with 3 total copies.
View other formats and editions
Show Only Available Copies
| Location | Call Number / Copy Notes | Barcode | Shelving Location | Status | Due Date |
|---|---|---|---|---|---|
| Warroad Public Library | BOOK-ON-CD SLA (Text) | 35500006392805 | Main | Available | - |
Record details
- ISBN: 9798228473461
- ISBN: 9798228473478
- Physical Description: 13 audio discs (16 1/2 hr.) : CD audio, digital ; ... Read More
- Edition: Unabridged.
- Publisher: [New York] : HarperCollins, [2025]
Content descriptions
| General Note: | Compact discs. |
| Participant or Performer Note: | Performed by Kathleen Early. |
| Summary, etc.: | Welcome to North Falls, a small town where ... Read More |
Search for related items by subject
| Genre: | Audiobooks. Thrillers (Fiction) Suspense fiction. Detective and mystery fiction. Mystery fiction. |
Search for related items by series
| LDR | 02514nim a22005777i 4500 | ||
|---|---|---|---|
| 001 | 469587 | ||
| 003 | LARL_NWRL_CONSORTIUM | ||
| 005 | 20250819150109.0 | ||
| 008 | 250812s2025 nyunnnne f n eng d | ||
| 007 | sd fsngnnmmned | ||
| 040 | . | ‡aBLACP ‡beng ‡erda ‡cBLACP | |
| 020 | . | ‡a9798228473461 ‡q(sound recording ; ‡qBlackstone Library CD) | |
| 020 | . | ‡a9798228473478 ‡q(sound recording ; ‡qBlackstone Retail CD) | |
| 035 | . | ‡a(OCoLC)1531600649 | |
| 037 | . | ‡aZPk5ym ‡bBlackstone Publishing | |
| 037 | . | ‡aZEk5ym ‡bBlackstone Publishing | |
| 082 | 0 | 4. | ‡a813/.6 ‡223 |
| 100 | 1 | . | ‡aSlaughter, Karin, ‡d1971- ‡eauthor. ‡1https://id.oclc.org/worldcat/entity/E39PBJbCG9y3CR8YJ3PfCCR3Qq ‡0(LARL_NWRL_CONSORTIUM)44006 |
| 245 | 1 | 0. | ‡aWe are all guilty here / ‡cKarin Slaughter. |
| 250 | . | ‡aUnabridged. | |
| 264 | 1. | ‡a[New York] : ‡bHarperCollins, ‡c[2025] | |
| 300 | . | ‡a13 audio discs (16 1/2 hr.) : ‡bCD audio, digital ; ‡c4 3/4 in. | |
| 336 | . | ‡aspoken word ‡bspw ‡2rdacontent | |
| 337 | . | ‡aaudio ‡bs ‡2rdamedia | |
| 338 | . | ‡aaudio disc ‡bsd ‡2rdacarrier | |
| 344 | . | ‡adigital ‡2rdatr | |
| 344 | . | ‡boptical ‡2rdarm | |
| 347 | . | ‡aaudio file ‡2rdaft | |
| 347 | . | ‡bCD audio | |
| 490 | 0 | . | ‡aNorth Falls ; ‡v1 |
| 500 | . | ‡aCompact discs. | |
| 511 | 0 | . | ‡aPerformed by Kathleen Early. |
| 520 | . | ‡aWelcome to North Falls, a small town where everyone knows everyone, or so they think. On the night of the fireworks, two teenage girls vanish, and the town ignites. As Officer Emmy Clifton combs through the puzzle the girls left behind, she realizes how little people really knew about them. Every teenage girl has secrets. But who would kill for them? And what else is the town hiding? | |
| 650 | 0. | ‡aPolicewomen ‡vFiction. ‡0(LARL_NWRL_CONSORTIUM)166589 | |
| 650 | 0. | ‡aSmall cities ‡vFiction. | |
| 650 | 0. | ‡aTeenage girls ‡vFiction. ‡0(LARL_NWRL_CONSORTIUM)167625 | |
| 650 | 0. | ‡aMissing persons ‡xInvestigation ‡vFiction. ‡0(LARL_NWRL_CONSORTIUM)173417 | |
| 650 | 0. | ‡aSecrecy ‡vFiction. ‡0(LARL_NWRL_CONSORTIUM)167261 | |
| 650 | 7. | ‡aFICTION / Thrillers / Suspense. ‡2bisacsh | |
| 650 | 7. | ‡aFICTION / Crime. ‡2bisacsh | |
| 650 | 7. | ‡aFICTION / Mystery & Detective / Women Sleuths. ‡2bisacsh | |
| 650 | 7. | ‡aFICTION / Mystery & Detective / Police Procedural. ‡2bisacsh | |
| 655 | 7. | ‡aAudiobooks. ‡2lcgft ‡0(LARL_NWRL_CONSORTIUM)175801 | |
| 655 | 7. | ‡aThrillers (Fiction) ‡2lcgft | |
| 655 | 7. | ‡aSuspense fiction. ‡2gsafd | |
| 655 | 7. | ‡aDetective and mystery fiction. ‡2lcgft | |
| 655 | 7. | ‡aMystery fiction. ‡2gsafd | |
| 700 | 1 | . | ‡aEarly, Kathleen, ‡enarrator. ‡1https://id.oclc.org/worldcat/entity/E39PCjKTmk88m3ygGGFwftKYWC |
| 901 | . | ‡a469587 ‡bAUTOGEN ‡c469587 ‡tbiblio | |

Add to basket
Permalink
Disable Highlighting